<?xml version="1.0" encoding="UTF-8"?>
<marc:record xmlns:marc="http://www.loc.gov/MARC21/slim">
   <marc:leader>00000nam a2200000 a 4500</marc:leader>
   <marc:datafield ind1=" " ind2=" " tag="653">
      <marc:subfield code="a">Kinderspiel</marc:subfield>
   </marc:datafield>
   <marc:datafield ind1=" " ind2=" " tag="653">
      <marc:subfield code="a">Wortschatz</marc:subfield>
   </marc:datafield>
   <marc:datafield ind1=" " ind2=" " tag="653">
      <marc:subfield code="a">Softcover / Kinder- und Jugendbücher/Bilderbücher/Pappbilderbücher</marc:subfield>
   </marc:datafield>
   <marc:datafield ind1=" " ind2=" " tag="653">
      <marc:subfield code="a">Fühlbilderbücher</marc:subfield>
   </marc:datafield>
   <marc:datafield ind1=" " ind2=" " tag="653">
      <marc:subfield code="a">Sachbilderbuch</marc:subfield>
   </marc:datafield>
   <marc:datafield ind1=" " ind2=" " tag="653">
      <marc:subfield code="a">Sachbücher und Sachbilderbücher für Kinder und Jugendliche: Allgemeines</marc:subfield>
   </marc:datafield>
   <marc:datafield ind1=" " ind2=" " tag="653">
      <marc:subfield code="a">Nachschlagewerke</marc:subfield>
   </marc:datafield>
   <marc:datafield ind1="0" ind2="0" tag="245">
      <marc:subfield code="a">Lass uns spielen!</marc:subfield>
   </marc:datafield>
   <marc:datafield ind1="0" ind2="0" tag="245">
      <marc:subfield code="b">12 +</marc:subfield>
   </marc:datafield>
   <marc:datafield ind1=" " ind2="1" tag="264">
      <marc:subfield code="a">Frankfurt, M.</marc:subfield>
      <marc:subfield code="b">Fischer Duden Kinderbuch</marc:subfield>
      <marc:subfield code="c">2015</marc:subfield>
   </marc:datafield>
   <marc:datafield ind1="1" ind2=" " tag="490">
      <marc:subfield code="a">Duden, Kennst du das?</marc:subfield>
   </marc:datafield>
   <marc:datafield ind1="1" ind2=" " tag="520">
      <marc:subfield code="a">Angaben aus der Verlagsmeldung

Kennst du das? Lass uns spielen! : ab 12 Monaten Bright Baby: It's Time to Play

BILDER SEHEN – WÖRTER LERNEN

Bei diesem Buch für Kinder ab 12 Monaten dreht sich alles um die beliebtesten Spielsachen. Ball, Teddy und Auto sind zum Erkennen und Zuordnen da. Mit Hilfe der altersgerecht ausgewählten Fotos wird die Spielzeugwelt im Buch lebendig.

Die besondere Buchform hat abgerundete Kanten, kann kinderleicht geblättert werden und ist mit dem Griff im Buch der ideale Begleiter für unterwegs.
</marc:subfield>
   </marc:datafield>
   <marc:datafield ind1=" " ind2=" " tag="020">
      <marc:subfield code="a">9783737332361</marc:subfield>
      <marc:subfield code="9">9783737332361</marc:subfield>
   </marc:datafield>
   <marc:datafield ind1=" " ind2=" " tag="020">
      <marc:subfield code="a">3737332363</marc:subfield>
      <marc:subfield code="9">3737332363</marc:subfield>
   </marc:datafield>
   <marc:datafield ind1=" " ind2=" " tag="041">
      <marc:subfield code="a">ger</marc:subfield>
   </marc:datafield>
   <marc:datafield ind1=" " ind2=" " tag="300">
      <marc:subfield code="a">10] S.</marc:subfield>
   </marc:datafield>
</marc:record>
